Odborný slovník česko-německý z oblasti ekonomické, finanční a právní

Na minha lista:
Detalhes bibliográficos
Outros Autores: Zlámal, Josef
Formato: Livro
Idioma:tcheco
alemão
Publicado em: Praha Linde Praha, a.s. 1999
Edição:4. dopl. a rozš. vyd.
Assuntos:
Tags: Adicionar Tag
Sem tags, seja o primeiro a adicionar uma tag!

MARC

LEADER 00000nam a2200000 4500
001 c115463
005 20240104114533.0
020 |a 80-7201-166-9 
041 0 |a cze 
041 0 |a ger 
044 |a CZ 
245 1 0 |a Odborný slovník česko-německý z oblasti ekonomické, finanční a právní  |c Zpracoval Josef Zlámal 
250 |a 4. dopl. a rozš. vyd. 
264 1 |a Praha  |b Linde Praha, a.s.  |c 1999 
300 |a 669 s. 
610 2 0 |a jazykoveda 
610 2 0 |a terminológia 
610 2 0 |a ekonómia 
610 2 0 |a financie 
610 2 0 |a právo 
700 1 |a Zlámal, Josef